| 000 | 00483nam a2200133Ia 4500 | ||
|---|---|---|---|
| 008 | 250506s9999 xx 000 0 und d | ||
| 024 | _a08B-190-EE, 08B-164-EE, 08B-148-EE & 08B-125-EE | ||
| 082 | _a621.395072 KAS | ||
| 100 | _aKashif Ali Arshad, Muhammad Shakeel, Muhammad Zain & Abdul Zubair | ||
| 245 | 0 | _aAutomatic Digital Energy Meter (RFID and GSM Technology) | |
| 260 |
_aKarachi: _bUIT, _c2008 |
||
| 600 | _aElectronic Engineering | ||
| 650 | _aBachelor of Engineering (BE) | ||
| 999 |
_c27942 _d27942 |
||